000 00277nam a22001217a 4500
008 230620b xxu||||| |||| 00| 0 eng d
082 _a316.6762
_bCBS
100 _cCBS
245 _aStatistical Abstract 2001
260 _aKenya
_bKNBS
_c2003
300 _a335p
942 _2ddc
_cBK
999 _c1477
_d1477